Online
Catalog

Trujillo : (Record no. 28256)

MARC details
000 -CABECERA
campo de control de longitud fija 02017nam a2200397 i 4500
001 - NÚMERO DE CONTROL
campo de control 000028764
003 - IDENTIFICADOR DEL NÚMERO DE CONTROL
campo de control DO-SdBNP
005 - FECHA Y HORA DE LA ÚLTIMA TRANSACCIÓN
campo de control 20251028090538.0
007 - CAMPO FIJO DE DESCRIPCIÓN FÍSICA--INFORMACIÓN GENERAL
campo de control de longitud fija ta
008 - DATOS DE LONGITUD FIJA--INFORMACIÓN GENERAL
campo de control de longitud fija 110412t2010 ck ac 001 0dspa d
020 ## - NÚMERO INTERNACIONAL ESTÁNDAR DEL LIBRO
Número Internacional Estándar del Libro 9789945111651
040 ## - FUENTE DE LA CATALOGACIÓN
Centro catalogador/agencia de origen DO-SdBNP
Lengua de catalogación spa
Centro/agencia transcriptor BNPHU
Normas de descripción rda
041 ## - CÓDIGO DE LENGUA
Código de lengua del texto/banda sonora o título independiente spa
049 ## - FONDOS LOCALES (OCLC)
Fondos de biblioteca BNPD
082 #4 - NÚMERO DE LA CLASIFICACIÓN DECIMAL DEWEY
Número de clasificación 972.93053
Número de documento/Ítem B174t 2010
Número de edición 22
100 1# - ENTRADA PRINCIPAL--NOMBRE DE PERSONA
Nombre de persona Balcácer, Juan Daniel,
Fechas asociadas al nombre 1949-
Término indicativo de función/relación autor
Código de función/relación aut.
9 (RLIN) 6566
245 10 - MENCIÓN DE TÍTULO
Título Trujillo :
Resto del título el tiranicidio de 1961 /
Mención de responsabilidad, etc. Juan Daniel Balcácer.
250 ## - MENCIÓN DE EDICIÓN
Mención de edición Cuarta edición
264 #1 - PRODUCCIÓN, PUBLICACIÓN, DISTRIBUCIÓN, FABRICACIÓN Y COPYRIGHT
Producción, publicación, distribución, fabricación y copyright Bogotá, Colombia :
Nombre del de productor, editor, distribuidor, fabricante Taurus historia,
Fecha de producción, publicación, distribución, fabricación o copyright 2010.
300 ## - DESCRIPCIÓN FÍSICA
Extensión 540 páginas :
Otras características físicas ilustraciones, retratos ;
Dimensiones 25 cm.
336 ## - TIPO DE CONTENIDO
Término de tipo de contenido texto
Código de tipo de contenido txt
Fuente rdacontent
337 ## - TIPO DE MEDIO
Nombre/término del tipo de medio sin mediación
Código del tipo de medio n
Fuente rdamedia
338 ## - TIPO DE SOPORTE
Nombre/término del tipo de soporte volumen
Código del tipo de soporte nc
Fuente rdacarrier
500 ## - NOTA GENERAL
Nota general Incluye cronología del 30 de mayo, último día de Trujillo.
500 ## - NOTA GENERAL
Nota general Incluye índice onomástico.
500 ## - NOTA GENERAL
Nota general Incluye breferencias bibliográficas y notas al pie de las páginas.
504 ## - NOTA DE BIBLIOGRAFÍA, ETC.
Nota de bibliografía, etc. Bibliografía : páginas 493-518.
505 0# - NOTA DE CONTENIDO CON FORMATO
Nota de contenido con formato Introducción --
Título El último día de Trujillo: una cronología --
-- Caudillos y dictadores dominicanos --
-- La resistencia contra Trujillo --
-- La conspiración --
-- Trujjillo y la muerte --
-- El tiranicidio --
-- Una vez muerto Trujillo --
-- Testimonios sobre el ajusticiamiento --
-- El azar, Arturo Espaillat y Zacarías de la Cruz --
-- Román Fernández: traidor o víctima? --
-- Historiografía del 30 de mayo --
-- Trujillo en la narrativa --
-- Consideraciones finales --
-- Apéndices --
-- Notas biográficas de los conjurados --
-- Fuentes --
-- Índice onomástico.
586 ## - NOTA DE PREMIOS
Nota de premios Premio Feria del Libro Eduardo León Jiménez, Mejor libro del año 2007.
590 ## - NOTA LOCAL (RLIN)
Nota local Inventariado, 2025/BT
600 10 - PUNTO DE ACCESO ADICIONAL DE MATERIA--NOMBRE DE PERSONA
Nombre de persona Trujillo Molina, Rafael Leónidas,
Fechas asociadas al nombre 1891-1961
Subdivisión general Muerte
9 (RLIN) 10869
650 #4 - PUNTO DE ACCESO ADICIONAL DE MATERIA--TÉRMINO DE MATERIA
Término de materia o nombre geográfico como elemento de entrada Homicidio político
Subdivisión geográfica República Dominicana
9 (RLIN) 11383
651 #4 - PUNTO DE ACCESO ADICIONAL DE MATERIA--NOMBRE GEOGRÁFICO
Nombre geográfico República Dominicana
Subdivisión general Política y gobierno
9 (RLIN) 45
910 ## - DATOS DE OPCIÓN DEL USUARIO (OCLC)
Datos de opción del usuario Validado. Control de calidad EMS.
942 ## - ELEMENTOS DE PUNTO DE ACCESO ADICIONAL (KOHA)
Fuente del sistema de clasificación o colocación Dewey Decimal Classification
Tipo de ítem Koha Libro
Holdings
Estado de retiro Estado de pérdida Fuente del sistema de clasificación o colocación Restricciones de uso No para préstamo Código de colección Localización permanente Ubicación/localización actual Ubicación en estantería Fecha de adquisición Fuente de adquisición Total de préstamos Signatura topográfica completa Código de barras Fecha visto por última vez Número de copia Precio válido a partir de Tipo de ítem Koha
    Dewey Decimal Classification Préstamo en sala   Dominicana de Servicio Biblioteca Nacional Pedro Henríquez Ureña Biblioteca Nacional Pedro Henríquez Ureña Depósito 12.04.2011 Depósito Legal   BNPHU DS 972.93053 B174t 2010 28764-30 25.06.2020 e. 3 25.06.2020 Libro
    Dewey Decimal Classification Préstamo en sala   Patrimonio Dominicano Biblioteca Nacional Pedro Henríquez Ureña Biblioteca Nacional Pedro Henríquez Ureña Depósito 02.05.2013 Donado por Alfaguara   BNPHU DS 972.93053 B174t 2010 28764-40 25.06.2020 e. 4 25.06.2020 Libro
    Dewey Decimal Classification Excluido de préstamo   Patrimonio Dominicano Biblioteca Nacional Pedro Henríquez Ureña Biblioteca Nacional Pedro Henríquez Ureña Depósito 12.04.2011 Depósito Legal   BNPHU PD 972.93053 B174t 2010 28764-10 25.06.2020   25.06.2020 Libro
    Dewey Decimal Classification Excluido de préstamo   Patrimonio Dominicano Biblioteca Nacional Pedro Henríquez Ureña Biblioteca Nacional Pedro Henríquez Ureña Depósito 12.04.2011 Depósito Legal   BNPHU PD 972.93053 B174t 2010 28764-20 25.06.2020 e. 2 25.06.2020 Libro
    Dewey Decimal Classification Préstamo en sala   Dominicana de Servicio Biblioteca Nacional Pedro Henríquez Ureña Biblioteca Nacional Pedro Henríquez Ureña Depósito 20.10.2025 Donado por Alfaguara   BNPHU DS 972.93053 B174t 2010 2025-11962 20.10.2025 e. 5 20.10.2025 Libro

Powered by Koha